গল্পে গল্পে শামসুর রাহমান / (Record no. 13359)
[ view plain ]
| 000 -LEADER | |
|---|---|
| fixed length control field | 00776nam a2200229 a 4500 |
| 001 - CONTROL NUMBER | |
| JCCL Control Number | 13359 |
| 003 - CONTROL NUMBER IDENTIFIER | |
| JCCL marc code | BD-JhCC |
| 005 - DATE AND TIME OF LATEST TRANSACTION | |
| control field | 20230909124013.0 |
| 008 - FIXED-LENGTH DATA ELEMENTS--GENERAL INFORMATION | |
| fixed length control field | 230909s20102019bg a|||| |||| 000 0 ben d |
| 020 ## - INTERNATIONAL STANDARD BOOK NUMBER | |
| International Standard Book Number | 9847003801156 |
| 035 ## - SYSTEM CONTROL NUMBER | |
| system control number | (BD-JhCC) |
| 040 ## - CATALOGING SOURCE | |
| Original cataloging agency | BD-JhCC |
| Modifying agency | BD-JhCC |
| 041 ## - LANGUAGE CODE | |
| Language code of Book | ben |
| 082 ## - DEWEY DECIMAL CLASSIFICATION NUMBER | |
| Classification number | 891.4435 |
| Author mark and Year | HOS 2019 |
| 100 ## - MAIN ENTRY--PERSONAL NAME | |
| Personal name | হোসেন, সেলিনা |
| 245 ## - TITLE STATEMENT | |
| Title | গল্পে গল্পে শামসুর রাহমান / |
| Remainder of title | সেলিনা হোসেন |
| 260 ## - PUBLICATION, DISTRIBUTION, ETC. (IMPRINT) | |
| Place of publication, distribution, etc | ঢাকা : |
| Name of publisher, distributor, etc | পাঞ্জেরী পাবলিকেশন্স লি. |
| 300 ## - PHYSICAL DESCRIPTION | |
| Pagination | ৮ পৃ. : |
| Other physical details | রঙিন পৃষ্ঠা; |
| Dimensions | ২২ সে.মি. |
| 650 ## - SUBJECT ADDED ENTRY--TOPICAL TERM | |
| Topical term or geographic name as entry element | Bengali Short story |
| 650 ## - SUBJECT ADDED ENTRY--TOPICAL TERM | |
| Topical term or geographic name as entry element | Juvenail Litutare |
| 942 ## - ADDED ENTRY ELEMENTS (KOHA) | |
| Source of classification or shelving scheme | Dewey Decimal Classification |
| Koha item type | Books |
| Source of classification or shelving scheme | Damaged status | Not for loan | Home library | Current library | Shelving location | Date of accession | Cost, normal purchase price | Total Checkouts | Full call number | Barcode | Date last seen | Copy number | Method of acquisition | Koha item type | Currency |
|---|---|---|---|---|---|---|---|---|---|---|---|---|---|---|---|
| Dewey Decimal Classification | JCC Rouf Library | JCC Rouf Library | General Stacks | 06/23/2023 | 125.00 | 891.4435 HOS 2019 | 18178 | 09/09/2023 | C-1 | Purchase | Books | BDT |